[Event "Oberliga Nord O 2122"]
[Site "Germany"]
[Date "2022.05.29"]
[Round "5.7"]
[White "Schwenck, Fabian"]
[Black "Schabe, Felix"]
[Result "0-1"]
[WhiteElo "1683"]
[BlackElo "1953"]
[PlyCount "36"]
[EventDate "2021.10.31"]
[EventType "team-tourn"]
[EventRounds "9"]
[EventCountry "GER"]
[SourceTitle "EXT 2024"]
[Source "ChessBase"]
[SourceDate "2023.10.10"]
[SourceVersion "1"]
[SourceVersionDate "2023.10.10"]
[SourceQuality "1"]
[WhiteTeam "Guestrow/Teterow"]
[BlackTeam "Berlin Empor"]
[WhiteTeamCountry "GER"]
[BlackTeamCountry "GER"]

1. e4 d6 2. d4 Nf6 3. Nc3 g6 4. Bc4 Bg7 5. Bf4 0-0 6. Qd2 Nxe4 7. Bxf7+ Rxf7 8. Nxe4 Nc6 9. c3 e5 10. Bg5 Qe8 11. d5 Ne7 12. h4 Bf5 13. f3 Qb5 14. Bxe7 Bxe4 15. 0-0-0 Bxd5 16. a4 Qc6 17. Bxd6 Bb3 18. Bxe5 Qxa4 0-1

[Event "Oberliga Nord O 1819"]
[Site "Germany"]
[Date "2019.04.07"]
[Round "9.6"]
[White "Schabe, Felix"]
[Black "Holzapfel, Daniel"]
[Result "1-0"]
[WhiteElo "1813"]
[BlackElo "2271"]
[PlyCount "82"]
[EventDate "2018.10.21"]
[EventType "team-tourn"]
[EventRounds "9"]
[EventCountry "GER"]
[SourceTitle "EXT 2020"]
[Source "ChessBase"]
[SourceDate "2019.10.17"]
[SourceVersion "1"]
[SourceVersionDate "2019.10.17"]
[SourceQuality "1"]
[WhiteTeam "Berlin Empor"]
[BlackTeam "Kreuzberg"]
[WhiteTeamCountry "GER"]
[BlackTeamCountry "GER"]

1. Nf3 Nf6 2. g3 d5 3. Bg2 g6 4. 0-0 Bg7 5. c4 c6 6. d4 0-0 7. Nc3 dxc4 8. a4 Na6 9. a5 Be6 10. Ng5 Qd7 11. Qa4 Rfc8 12. e4 Nc7 13. Bf4 b5 14. axb6 axb6 15. Qb4 c5 16. dxc5 bxc5 17. Qxc5 Rxa1 18. Rxa1 Ncd5 19. Qa5 Nxf4 20. gxf4 Bg4 21. h3 Bh5 22. e5 Ne8 23. Qa7 Rc7 24. Qa8 Rc8 25. Qd5 Qxd5 26. Nxd5 Bf8 27. Ra7 h6 28. Ne4 e6 29. Nb6 Rb8 30. Nd7 Rd8 31. Ndf6+ Nxf6 32. Nxf6+ Kg7 33. Bc6 Bc5 34. Rc7 Rd1+ 35. Kg2 Rd2 36. Ne4 Rxb2 37. Nxc5 c3 38. Nxe6+ Kg8 39. Rc8+ Kh7 40. Nf8+ Kg7 41. Nd7 c2 1-0

[Event "Oberliga Nord O 1819"]
[Site "Germany"]
[Date "2019.01.20"]
[Round "5.6"]
[White "Schabe, Felix"]
[Black "Luther, Alexander"]
[Result "1/2-1/2"]
[WhiteElo "1813"]
[BlackElo "2017"]
[PlyCount "135"]
[EventDate "2018.10.21"]
[EventType "team-tourn"]
[EventRounds "9"]
[EventCountry "GER"]
[SourceTitle "EXT 2020"]
[Source "ChessBase"]
[SourceDate "2019.10.17"]
[SourceVersion "1"]
[SourceVersionDate "2019.10.17"]
[SourceQuality "1"]
[WhiteTeam "Berlin Empor"]
[BlackTeam "Guestrow/Teterow"]
[WhiteTeamCountry "GER"]
[BlackTeamCountry "GER"]

1. Nf3 d5 2. d4 Nf6 3. c4 e6 4. g3 Be7 5. Bg2 0-0 6. 0-0 dxc4 7. Qc2 a6 8. Rd1 Nbd7 9. a4 c5 10. Na3 Nd5 11. dxc5 Bxc5 12. Ng5 N5f6 13. Nxc4 Qc7 14. b4 Bxb4 15. Bf4 e5 16. Rxd7 Qxd7 17. Rd1 Qe8 18. Bxe5 h6 19. Bxf6 hxg5 20. Bxg5 Be7 21. Bf4 Bd7 22. Nb6 Rd8 23. Bxb7 Be6 24. Rb1 Bd6 25. Bxd6 Rxd6 26. Bxa6 Qd8 27. a5 Rd2 28. Qc5 Bh3 29. Bd3 Rxd3 30. exd3 Qxd3 31. Re1 Rd8 32. Nc4 Qf3 33. Ne3 Re8 34. Qc2 Bc8 35. Qe2 Qc6 36. Qc2 Qf3 37. Qe2 Qc6 38. f3 Ba6 39. Qf2 Bb7 40. Kg2 Ra8 41. Nf5 Qc3 42. Re7 Bd5 43. g4 g6 44. Re3 Qc4 45. Ne7+ Kh7 46. Qh4+ Kg7 47. Qg5 Be6 48. Qe5+ Kh7 49. h4 Qa2+ 50. Kg3 Qxa5 51. h5 Qxe5+ 52. Rxe5 gxh5 53. Rxh5+ Kg7 54. Nc6 Kg6 55. Nd4 Bc4 56. Rc5 Ra4 57. Rc6+ Kh7 58. Rd6 Ba2 59. Kf4 Ra5 60. Kg3 Rd5 61. Rxd5 Bxd5 62. Kf4 Kg6 63. Ke5 Bc4 64. f4 f6+ 65. Kd6 Bf1 66. Nf5 Be2 67. Ne3 Bxg4 68. Nxg4 1/2-1/2

[Event "GER-chT Nord-Ost U20 U20 1112"]
[Site "Germany"]
[Date "2012.02.18"]
[Round "6.6"]
[White "Schabe, Felix"]
[Black "Thielicke, Niklas"]
[Result "1-0"]
[WhiteElo "1860"]
[BlackElo "1485"]
[PlyCount "75"]
[EventDate "2011.09.24"]
[EventType "team-tourn"]
[EventRounds "9"]
[EventCountry "GER"]
[SourceTitle "EXT 2015"]
[Source "ChessBase"]
[SourceDate "2014.11.20"]
[SourceVersion "1"]
[SourceVersionDate "2014.11.20"]
[SourceQuality "1"]

1. e4 e5 2. Nf3 Nc6 3. Bc4 Bc5 4. c3 Nf6 5. 0-0 0-0 6. d4 exd4 7. e5 Ne4 8. cxd4 Bb4 9. a3 Ba5 10. Bd2 d5 11. Bxa5 Nxa5 12. Bd3 Bg4 13. h3 Bh5 14. Be2 f5 15. Nbd2 Nc6 16. Re1 g5 17. Nxe4 dxe4 18. Nxg5 Bxe2 19. Qb3+ Kh8 20. Nf7+ Rxf7 21. Qxf7 Nxd4 22. Rac1 Rc8 23. e6 Qg5 24. e7 Bh5 25. Qf8+ Qg8 26. Qf6+ Qg7 27. Qxg7+ Kxg7 28. g4 fxg4 29. Rxe4 Nf3+ 30. Kh1 gxh3 31. Rf4 Ng5 32. Rf5 h6 33. f4 Bf3+ 34. Kh2 Be4 35. Rxc7 Nf3+ 36. Kg3 Re8 37. Rf8 Rxf8 38. e8Q+ 1-0